Länder, die Liechtenstein am nächsten liegen - Statistiken

Allgemein
  • Dieses Quiz wurde 211 mal gespielt
  • Das Durchschnittsergebnis liegt bei 18 aus 20
Antwortstatistiken
km Land % Korrekt
33 Deutschland
98%
68 Italien
98%
0 Österreich
98%
0 Schweiz
98%
150 Frankreich
97%
334 Tschechien
93%
348 Kroatien
92%
300 Slowenien
92%
492 Ungarn
92%
372 Belgien
91%
338 Luxemburg
91%
556 Slowakei
91%
465 Niederlande
90%
556 Polen
89%
409 San Marino
89%
617 Vatikanstadt
88%
400 Monaco
86%
521 Bosnien und Herzegowina
84%
716 Spanien
84%
720 Serbien
83%
Keine übereinstimmenden Quizze gefunden
Verteilung der Resultate
Anzahl Personen mit jedem Resultat
Perzentil nach korrekt beantworteten Fragen
Ihre Resultats-Entwicklung
Sie haben dieses Quiz noch nicht gespielt